000 00355 a2200157 4500
001 75095
020 _a9788578480332
040 _cAnchieta - Colégio São Paulo
100 _aGonçalves, Jeosafá Fernandes
240 1 0 _aPoesia na escola
_lpor
245 1 0 _aPoesia na escola
300 _a117
362 0 _a2009
650 4 _aPortuguês
942 _cBK
999 _c75095
_d75095